[Event "Winnipeg op"]
[Site "Winnipeg CAN"]
[Date "2017.06.27"]
[Round "4"]
[White "Czarny, Keith"]
[Black "Jenkins, Mark"]
[Result "1-0"]
[WhiteElo "1664"]
[BlackElo "1409"]
[WhiteFideId "-1"]
[WhiteFideId "-1"]
[PlyCount "63"]
[GameId "2160767908411269"]
[EventDate "2017.06.06"]
[EventType "swiss"]
[EventRounds "8"]
[EventCountry "CAN"]
[SourceTitle "EXT 2022"]
[Source "ChessBase"]
[SourceDate "2021.10.06"]
[SourceVersion "1"]
[SourceVersionDate "2021.10.06"]
[SourceQuality "1"]

1. c4 e5 2. Nc3 Bc5 3. g3 Nf6 4. Bg2 O-O 5. d3 Nc6 6. Nf3 d6 7. O-O Bd7 8. a3 a6 9. b4 Ba7 10. Qb3 Rb8 11. a4 Nd4 12. Nxd4 exd4 13. Nd1 Bc6 14. f3 Re8 15. Ra2 Bd7 16. Nf2 Be6 17. Qc2 Qd7 18. Kh1 Re7 19. Bg5 h6 20. Bxf6 gxf6 21. Qd2 Kh7 22. Ne4 Kg7 23. Nxf6 Qc8 24. Qf4 Qh8 25. Ng4 Bxg4 26. fxg4 Qf8 27. Qf6+ Kg8 28. Bd5 a5 29. g5 hxg5 30. Rf5 Rbe8 31. Rxg5+ Kh7 32. Rh5+ 1-0

[Event "Winnipeg op"]
[Site "Winnipeg CAN"]
[Date "2017.06.27"]
[Round "4"]
[White "Czypinski, Jaroslaw"]
[Black "Nones, Teodulfo II"]
[Result "0-1"]
[WhiteElo "1959"]
[BlackElo "2281"]
[WhiteFideId "-1"]
[WhiteFideId "-1"]
[PlyCount "74"]
[GameId "2160767908411270"]
[EventDate "2017.06.06"]
[EventType "swiss"]
[EventRounds "8"]
[EventCountry "CAN"]
[SourceTitle "EXT 2022"]
[Source "ChessBase"]
[SourceDate "2021.10.06"]
[SourceVersion "1"]
[SourceVersionDate "2021.10.06"]
[SourceQuality "1"]

1. e4 c5 2. d4 cxd4 3. c3 d3 4. Nf3 Nc6 5. Bxd3 d6 6. Bc4 Nf6 7. O-O e6 8. Qe2 Be7 9. Rd1 Qc7 10. Na3 a6 11. Nc2 O-O 12. Bf4 Ne5 13. Bb3 b5 14. Nxe5 dxe5 15. Bg5 Bb7 16. Bxf6 Bxf6 17. Rd3 Rfd8 18. Rad1 Rxd3 19. Rxd3 Rd8 20. Rxd8+ Qxd8 21. Ne1 Qd6 22. Bc2 g6 23. Nf3 b4 24. c4 Bg7 25. Bb3 a5 26. Kf1 Qc6 27. Bc2 h6 28. Nd2 Ba6 29. b3 Qd6 30. Qd3 Bf8 31. Ke2 Qc7 32. Nf1 Bc5 33. Ne3 Bd4 34. Bd1 Qc5 35. Bc2 Kg7 36. Bd1 f5 37. exf5 exf5 0-1

[Event "Winnipeg op"]
[Site "Winnipeg CAN"]
[Date "2017.06.27"]
[Round "4"]
[White "Furda, Evheniya Diana"]
[Black "Hemphill, Jim"]
[Result "0-1"]
[WhiteElo "1579"]
[BlackElo "1762"]
[WhiteFideId "-1"]
[WhiteFideId "-1"]
[PlyCount "27"]
[GameId "2160767908411271"]
[EventDate "2017.06.06"]
[EventType "swiss"]
[EventRounds "8"]
[EventCountry "CAN"]
[SourceTitle "EXT 2022"]
[Source "ChessBase"]
[SourceDate "2021.10.06"]
[SourceVersion "1"]
[SourceVersionDate "2021.10.06"]
[SourceQuality "1"]

1. e4 c6 2. d4 d6 3. Nf3 Nd7 4. c4 e5 5. d5 c5 6. Nc3 Ngf6 7. Bd3 Be7 8. O-O Nf8 9. h3 h6 10. Nh2 a5 11. Qa4+ Bd7 12. Qc2 Ng6 13. Re1 Nh5 14. Bf1 0-1

[Event "Winnipeg op"]
[Site "Winnipeg CAN"]
[Date "2017.06.27"]
[Round "4"]
[White "Gannon, Keith"]
[Black "Piche, Zachary"]
[Result "1-0"]
[WhiteElo "1628"]
[BlackElo "1456"]
[WhiteFideId "-1"]
[WhiteFideId "-1"]
[PlyCount "79"]
[GameId "2160767908411272"]
[EventDate "2017.06.06"]
[EventType "swiss"]
[EventRounds "8"]
[EventCountry "CAN"]
[SourceTitle "EXT 2022"]
[Source "ChessBase"]
[SourceDate "2021.10.06"]
[SourceVersion "1"]
[SourceVersionDate "2021.10.06"]
[SourceQuality "1"]

1. e4 c5 2. Nf3 d6 3. d4 cxd4 4. Nxd4 Nf6 5. Nc3 a6 6. Bd3 e5 7. Nf3 Bg4 8. h3 Be6 9. O-O Be7 10. Re1 Nc6 11. Bg5 h6 12. Be3 O-O 13. a3 d5 14. exd5 Nxd5 15. Nxd5 Bxd5 16. Bf1 Bf6 17. Bc5 Re8 18. c4 Bxf3 19. Qxd8 Raxd8 20. gxf3 Nd4 21. Bxd4 exd4 22. Rxe8+ Rxe8 23. Bd3 Kf8 24. Kf1 Ke7 25. b4 Kd6 26. a4 g5 27. a5 Bg7 28. Rd1 Kc6 29. Be4+ Kc7 30. b5 axb5 31. cxb5 h5 32. Rc1+ Kb8 33. a6 bxa6 34. bxa6 g4 35. hxg4 hxg4 36. Rb1+ Ka7 37. Rb7+ Kxa6 38. Rxf7 Bh6 39. Bd3+ Kb6 40. fxg4 1-0

[Event "Winnipeg op"]
[Site "Winnipeg CAN"]
[Date "2017.06.27"]
[Round "4"]
[White "Green, Jim"]
[Black "Wolchock, Theo"]
[Result "0-1"]
[WhiteElo "1884"]
[BlackElo "2103"]
[WhiteFideId "-1"]
[WhiteFideId "-1"]
[PlyCount "99"]
[GameId "2160767908411273"]
[EventDate "2017.06.06"]
[EventType "swiss"]
[EventRounds "8"]
[EventCountry "CAN"]
[SourceTitle "EXT 2022"]
[Source "ChessBase"]
[SourceDate "2021.10.06"]
[SourceVersion "1"]
[SourceVersionDate "2021.10.06"]
[SourceQuality "1"]

1. e4 e5 2. Nf3 Nc6 3. d4 exd4 4. Nxd4 Nf6 5. Nxc6 bxc6 6. Bd3 d5 7. exd5 cxd5 8. Bb5+ Bd7 9. Bxd7+ Qxd7 10. O-O Be7 11. Nd2 O-O 12. Nf3 c6 13. c4 Rfe8 14. Be3 Ng4 15. Bf4 Bf6 16. cxd5 cxd5 17. Rb1 Re4 18. Bg3 Rae8 19. Re1 Rxe1+ 20. Nxe1 Ne5 21. b3 Rc8 22. Rc1 Rxc1 23. Qxc1 d4 24. Bxe5 Bxe5 25. Nd3 Bc7 26. Qc4 h5 27. g3 h4 28. Nc5 Qg4 29. Qd3 h3 30. b4 Bb6 31. Nb3 Qe6 32. Kf1 Qd5 33. f3 Qc6 34. Qe4 Qc4+ 35. Qe2 d3 36. Qe8+ Kh7 37. Qe4+ Qxe4 38. fxe4 Be3 39. g4 Bf4 40. Nc5 d2 41. Ke2 Bxh2 42. e5 Bxe5 43. Ne4 h2 44. Nf2 Bc3 45. b5 Kg6 46. a3 Bd4 47. Nh1 d1=Q+ 48. Kxd1 Kg5 49. Ke2 Kh4 50. Kf3 0-1

[Event "Winnipeg op"]
[Site "Winnipeg CAN"]
[Date "2017.06.27"]
[Round "4"]
[White "Khedkar, Jay"]
[Black "Baron, Gustav"]
[Result "1-0"]
[WhiteElo "2027"]
[BlackElo "2151"]
[WhiteFideId "-1"]
[WhiteFideId "-1"]
[PlyCount "119"]
[GameId "2160767908411274"]
[EventDate "2017.06.06"]
[EventType "swiss"]
[EventRounds "8"]
[EventCountry "CAN"]
[SourceTitle "EXT 2022"]
[Source "ChessBase"]
[SourceDate "2021.10.06"]
[SourceVersion "1"]
[SourceVersionDate "2021.10.06"]
[SourceQuality "1"]

1. d4 e6 2. e4 d5 3. Nd2 Nf6 4. e5 Nfd7 5. Bd3 c5 6. c3 b6 7. Ne2 Ba6 8. Nf3 Bxd3 9. Qxd3 Be7 10. O-O Nc6 11. Re1 c4 12. Qe3 b5 13. Nf4 Nb6 14. Nh5 g6 15. Ng3 h5 16. Ng5 Bxg5 17. Qxg5 Qxg5 18. Bxg5 Kd7 19. Re3 Rhb8 20. Rf3 Ke8 21. Ne2 Na4 22. b3 Nb6 23. Bd2 Na5 24. Rb1 Nc6 25. Kf1 Nc8 26. Ke1 Rb6 27. Kd1 Rab8 28. b4 a5 29. a3 axb4 30. axb4 Ra6 31. g4 hxg4 32. Rf4 Rba8 33. Rxg4 Ra1 34. Rc1 R1a7 35. Rh4 Nb6 36. Rh8+ Kd7 37. Rh7 Kc8 38. h4 Rd7 39. Nf4 Kc7 40. Ke2 Ra2 41. Kd1 Kb7 42. h5 gxh5 43. Nxh5 Ra8 44. Nf6 Rc7 45. Ke2 Ka6 46. Rch1 Na4 47. Rh8 Raa7 48. Ne8 Rd7 49. Nd6 Rdc7 50. Re8 Re7 51. Rhh8 Nb6 52. Bg5 Red7 53. Bf6 Na4 54. Kd2 Nb6 55. f4 Na4 56. Rc8 Rdc7 57. Rxc7 Rxc7 58. Rf8 Nb2 59. Rxf7 Rxf7 60. Nxf7 1-0

[Event "Winnipeg op"]
[Site "Winnipeg CAN"]
[Date "2017.06.27"]
[Round "4"]
[White "Lei, Yanyu"]
[Black "Remillard, John"]
[Result "0-1"]
[WhiteElo "1261"]
[BlackElo "1636"]
[WhiteFideId "-1"]
[WhiteFideId "-1"]
[PlyCount "74"]
[GameId "2160767908411275"]
[EventDate "2017.06.06"]
[EventType "swiss"]
[EventRounds "8"]
[EventCountry "CAN"]
[SourceTitle "EXT 2022"]
[Source "ChessBase"]
[SourceDate "2021.10.06"]
[SourceVersion "1"]
[SourceVersionDate "2021.10.06"]
[SourceQuality "1"]

1. d4 c5 2. dxc5 Qa5+ 3. Bd2 Qxc5 4. Nc3 e6 5. Nf3 a6 6. e4 Qc7 7. Bd3 Nc6 8. O-O Nf6 9. Bg5 Be7 10. Qd2 d6 11. Rad1 Bd7 12. Rfe1 h6 13. Bh4 O-O-O 14. Bg3 Nh5 15. Bf4 g5 16. Be3 Ne5 17. Nxe5 dxe5 18. Qe2 Nf4 19. Bxf4 gxf4 20. a3 h5 21. b4 Qxc3 22. Bxa6 Qc7 23. Bb5 h4 24. h3 Rhg8 25. Bd3 Rg5 26. c4 Rdg8 27. f3 Rxg2+ 28. Qxg2 Rxg2+ 29. Kxg2 f5 30. Kh2 fxe4 31. Bxe4 Bc6 32. Rg1 Kb8 33. Bc2 Bxf3 34. Rdf1 Qxc4 35. Bh7 Qe2+ 36. Rf2 Qxf2+ 37. Rg2 Qxg2# 0-1

[Event "Winnipeg op"]
[Site "Winnipeg CAN"]
[Date "2017.06.27"]
[Round "4"]
[White "Letain, Cory"]
[Black "Goodman, Clifford"]
[Result "1-0"]
[WhiteElo "1632"]
[BlackElo "1667"]
[WhiteFideId "-1"]
[WhiteFideId "-1"]
[PlyCount "49"]
[GameId "2160767908411276"]
[EventDate "2017.06.06"]
[EventType "swiss"]
[EventRounds "8"]
[EventCountry "CAN"]
[SourceTitle "EXT 2022"]
[Source "ChessBase"]
[SourceDate "2021.10.06"]
[SourceVersion "1"]
[SourceVersionDate "2021.10.06"]
[SourceQuality "1"]

1. e4 c5 2. c3 d5 3. exd5 Qxd5 4. d4 Nc6 5. Nf3 cxd4 6. cxd4 e6 7. Nc3 Bb4 8. Bd2 Bxc3 9. Bxc3 Nf6 10. Bd3 Bd7 11. O-O O-O 12. Re1 Rac8 13. Rc1 a6 14. Ne5 b5 15. b4 Nxe5 16. dxe5 Ne8 17. Be4 Qxd1 18. Rexd1 Bc6 19. Bb1 Bd5 20. Bd4 Rxc1 21. Rxc1 Bc4 22. Bc5 g6 23. Bxf8 Kxf8 24. a3 Nc7 25. Bd3 1-0

[Event "Winnipeg op"]
[Site "Winnipeg CAN"]
[Date "2017.06.27"]
[Round "4"]
[White "Piche, Jeremie"]
[Black "Leaden, Bruce"]
[Result "1-0"]
[WhiteElo "1632"]
[BlackElo "1427"]
[WhiteFideId "-1"]
[WhiteFideId "-1"]
[PlyCount "27"]
[GameId "2160767740940927"]
[EventDate "2017.06.06"]
[EventType "swiss"]
[EventRounds "8"]
[EventCountry "CAN"]

1. e4 e6 2. d3 d5 3. Nd2 c5 4. Ngf3 Nc6 5. g3 Bd6 6. Bg2 {B40: Sicilian: e6, Unusual lines} d4 {[6. Nge7} 7. O-O {0-0 Re1} Bc7 8. c3 b6 9. a3 a5 10. a4 Ba6 11. Qc2 {Ng6 exd5 exd5 Nb3} Ne5 12. Nxe5 {Nxe5 Rd1} Rc8 13. cxd4 {Nd3 Rxd3} Bxd3 14. Qxd3 1-0

[Event "Winnipeg op"]
[Site "Winnipeg CAN"]
[Date "2017.06.27"]
[Round "4"]
[White "Prince, Colin"]
[Black "Einarsson, Ken"]
[Result "1-0"]
[WhiteElo "1863"]
[BlackElo "1777"]
[WhiteFideId "-1"]
[WhiteFideId "-1"]
[PlyCount "71"]
[GameId "2160767908411277"]
[EventDate "2017.06.06"]
[EventType "swiss"]
[EventRounds "8"]
[EventCountry "CAN"]
[SourceTitle "EXT 2022"]
[Source "ChessBase"]
[SourceDate "2021.10.06"]
[SourceVersion "1"]
[SourceVersionDate "2021.10.06"]
[SourceQuality "1"]

1. e4 c6 2. d4 d5 3. Nc3 dxe4 4. f3 exf3 5. Nxf3 Nf6 6. Bc4 Bg4 7. Bxf7+ Kxf7 8. Ne5+ Ke8 9. Nxg4 Nxg4 10. Qxg4 Qd7 11. Qe4 g6 12. Bf4 Bg7 13. O-O-O Rf8 14. Rhe1 Rf7 15. g3 Qf5 16. Qe3 Nd7 17. d5 Bxc3 18. Qxc3 cxd5 19. Qh8+ Nf8 20. Re5 Qf6 21. Qg8 Rd8 22. Rde1 Rd7 23. Bh6 Qc6 24. Bxf8 Rxf8 25. Qxh7 Rf7 26. Qh8+ Rf8 27. Qh4 Rf6 28. Qd4 b6 29. Qe3 Rf7 30. Re6 Qc5 31. Qd3 d4 32. Kb1 Qf5 33. Qc4 d3 34. cxd3 Rxd3 35. R6e4 Qd7 36. Rxe7+ 1-0

[Event "Winnipeg op"]
[Site "Winnipeg CAN"]
[Date "2017.06.27"]
[Round "4"]
[White "Reimer, Bruce"]
[Black "Magyar, Peter"]
[Result "1-0"]
[WhiteElo "1692"]
[BlackElo "1559"]
[WhiteFideId "-1"]
[WhiteFideId "-1"]
[PlyCount "107"]
[GameId "2160767908411278"]
[EventDate "2017.06.06"]
[EventType "swiss"]
[EventRounds "8"]
[EventCountry "CAN"]
[SourceTitle "EXT 2022"]
[Source "ChessBase"]
[SourceDate "2021.10.06"]
[SourceVersion "1"]
[SourceVersionDate "2021.10.06"]
[SourceQuality "1"]

1. c4 c5 2. g3 Nf6 3. Bg2 e6 4. Nc3 Be7 5. e3 a6 6. Nge2 d6 7. O-O O-O 8. d4 cxd4 9. exd4 Nbd7 10. b3 Rb8 11. a4 b6 12. h3 Qc7 13. Be3 Bb7 14. d5 e5 15. Ne4 Nxe4 16. Bxe4 f5 17. Bg2 e4 18. Nf4 Qc8 19. Ne6 Rf7 20. h4 Bf6 21. Rc1 Nf8 22. Nxf8 Qxf8 23. Bh3 Bc8 24. Qd2 Rfb7 25. Rfe1 g6 26. Bf1 Bd7 27. Bf4 b5 28. c5 Qe8 29. Bxd6 Ra8 30. c6 Rba7 31. cxd7 Qxd7 32. Bc5 Rb7 33. axb5 axb5 34. b4 Qd8 35. d6 Qd7 36. Qd5+ Kg7 37. Rc2 Re8 38. Ra2 Re5 39. Qb3 h6 40. Ra5 h5 41. Re2 g5 42. Rea2 gxh4 43. Ra7 hxg3 44. Rxb7 gxf2+ 45. Kg2 Qxb7 46. Ra7 Qxa7 47. Bxa7 e3 48. Bxe3 Re4 49. Kxf2 Bh4+ 50. Kf3 Bf6 51. Bd3 Re5 52. Bd4 Re8 53. Bxf6+ Kxf6 54. Bxb5 1-0

[Event "Winnipeg op"]
[Site "Winnipeg CAN"]
[Date "2017.06.27"]
[Round "4"]
[White "Schulz, Waldemar"]
[Black "Swift, Ryne"]
[Result "1/2-1/2"]
[WhiteElo "2011"]
[BlackElo "1927"]
[WhiteFideId "-1"]
[WhiteFideId "-1"]
[PlyCount "75"]
[GameId "2160767908411279"]
[EventDate "2017.06.06"]
[EventType "swiss"]
[EventRounds "8"]
[EventCountry "CAN"]
[SourceTitle "EXT 2022"]
[Source "ChessBase"]
[SourceDate "2021.10.06"]
[SourceVersion "1"]
[SourceVersionDate "2021.10.06"]
[SourceQuality "1"]

1. Nf3 d5 2. d4 e6 3. g3 Nf6 4. Bg2 Be7 5. O-O b6 6. c4 Bb7 7. Ne5 Nbd7 8. Qa4 O-O 9. Nc6 Bxc6 10. Qxc6 Rc8 11. cxd5 Nxd5 12. Nc3 N7f6 13. Bg5 a5 14. Rfd1 Nxc3 15. bxc3 Qe8 16. Qxe8 Rfxe8 17. Bc6 Red8 18. c4 h6 19. Bc1 Kf8 20. Bb2 Nd7 21. e4 Nf6 22. e5 Ne8 23. Rd3 g6 24. f4 Ng7 25. Kg2 Kg8 26. g4 f5 27. h3 Rf8 28. Kg3 g5 29. Bc1 gxf4+ 30. Bxf4 fxg4 31. hxg4 Bh4+ 32. Kxh4 Rxf4 33. Kg3 Rcf8 34. Rad1 Kh7 35. Rf3 Rxf3+ 36. Bxf3 h5 37. Rh1 Kh6 38. Be4 1/2-1/2

[Event "Winnipeg op"]
[Site "Winnipeg CAN"]
[Date "2017.06.27"]
[Round "4"]
[White "Wiebe, Isaac"]
[Black "Babb, Jeff"]
[Result "1-0"]
[WhiteElo "2235"]
[BlackElo "2120"]
[WhiteFideId "-1"]
[WhiteFideId "-1"]
[PlyCount "173"]
[GameId "2160767908411280"]
[EventDate "2017.06.06"]
[EventType "swiss"]
[EventRounds "8"]
[EventCountry "CAN"]
[SourceTitle "EXT 2022"]
[Source "ChessBase"]
[SourceDate "2021.10.06"]
[SourceVersion "1"]
[SourceVersionDate "2021.10.06"]
[SourceQuality "1"]

1. e4 d5 2. exd5 Qxd5 3. Nc3 Qd6 4. d4 Nf6 5. Nf3 c6 6. g3 Bf5 7. Bg2 Nd5 8. Nxd5 cxd5 9. O-O Nc6 10. c3 e6 11. Bf4 Qd7 12. Re1 Be7 13. Qd2 O-O 14. Bg5 Bd6 15. Bf4 Rac8 16. Bxd6 Qxd6 17. Nh4 Bg6 18. f4 Rc7 19. g4 Ne7 20. Qf2 f5 21. g5 Bf7 22. Re3 Ng6 23. Nxg6 Bxg6 24. Rae1 Re8 25. Re5 Rce7 26. Qe2 Kf8 27. h4 Bf7 28. Bf3 Bg8 29. h5 Bf7 30. Qg2 g6 31. h6 Qa6 32. a3 Rd7 33. Be2 Qb6 34. Bd1 Red8 35. Ba4 Rc7 36. Qe2 Qd6 37. Bd1 Re8 38. Qd2 Ree7 39. Bf3 Ke8 40. R1e3 Kd8 41. Qe1 Bg8 42. Kh2 Bf7 43. Kg3 Rcd7 44. Qe2 Rc7 45. Qd2 Kc8 46. Re1 Kd8 47. Be2 Be8 48. Bd3 Bd7 49. Qe2 Bc8 50. Bb1 Ke8 51. Ba2 Kf8 52. Qb5 a6 53. Qb4 Qxb4 54. axb4 b5 55. Bb3 Kf7 56. Ra1 Red7 57. Ree1 Rd6 58. Kf2 Rdc6 59. Rec1 Ke7 60. Ke3 Kd6 61. Bd1 Rc4 62. Kd3 R4c6 63. Bf3 Ke7 64. b3 Rb6 65. Re1 Bb7 66. Rac1 Rd7 67. Re5 Kf7 68. Kc2 Rbd6 69. Kb2 Rc7 70. Re2 Bc8 71. Rec2 Bb7 72. Ka3 Bc8 73. Be2 Bb7 74. Rd2 Rdc6 75. Kb2 Rb6 76. Rdc2 Rd6 77. Bf1 Ke7 78. Bg2 Rb6 79. Ka3 Rd6 80. Rd2 Rdc6 81. Rd3 Rd6 82. Rh1 Rdc6 83. Kb2 Rb6 84. Bf3 Kd6 85. Re3 Bc8 86. Be2 Rbb7 87. Rg3 1-0

[Event "Winnipeg op"]
[Site "Winnipeg CAN"]
[Date "2017.07.04"]
[Round "5"]
[White "Babb, Jeff"]
[Black "Schulz, Waldemar"]
[Result "1-0"]
[WhiteElo "2120"]
[BlackElo "2011"]
[WhiteFideId "-1"]
[WhiteFideId "-1"]
[PlyCount "107"]
[GameId "2160767908411281"]
[EventDate "2017.06.06"]
[EventType "swiss"]
[EventRounds "8"]
[EventCountry "CAN"]
[SourceTitle "EXT 2022"]
[Source "ChessBase"]
[SourceDate "2021.10.06"]
[SourceVersion "1"]
[SourceVersionDate "2021.10.06"]
[SourceQuality "1"]

1. f4 d5 2. e3 c5 3. Nf3 Nc6 4. b3 Nf6 5. Bb2 e6 6. Bb5 Bd7 7. O-O Be7 8. Bxc6 Bxc6 9. Ne5 O-O 10. Nxc6 bxc6 11. d3 Nd7 12. e4 d4 13. Nd2 f5 14. Qe2 Kh8 15. Rae1 Bd6 16. Nc4 Bc7 17. exf5 exf5 18. Qe6 Rf6 19. Qe7 Qxe7 20. Rxe7 Rd8 21. Bc1 Kg8 22. Rfe1 Kf8 23. Bd2 Rf7 24. R7e6 Rf6 25. Rxf6+ Nxf6 26. Re6 Nd5 27. Rxc6 Bb6 28. Re6 Kf7 29. Re2 Bc7 30. g3 h5 31. Kf2 Kf6 32. Kf3 g6 33. a4 Nb6 34. Nb2 Nd5 35. Nd1 Rb8 36. Nf2 Rb6 37. Ba5 Rc6 38. Bxc7 Rxc7 39. Nd1 Nb4 40. Rd2 Re7 41. Kf2 Re6 42. h4 Ke7 43. Nb2 Kd7 44. Nc4 Kc6 45. Ne5+ Kd5 46. Re2 Kd6 47. Ke1 Nd5 48. Nc4+ Kd7 49. Re5 Ne7 50. Kd2 Rxe5 51. Nxe5+ Kd6 52. c3 a5 53. cxd4 cxd4 54. Nc4+ 1-0

[Event "Winnipeg op"]
[Site "Winnipeg CAN"]
[Date "2017.07.04"]
[Round "5"]
[White "Beach, Brock"]
[Black "Wiebe, Isaac"]
[Result "0-1"]
[WhiteElo "1869"]
[BlackElo "2235"]
[WhiteFideId "-1"]
[WhiteFideId "-1"]
[PlyCount "66"]
[GameId "2160767908411282"]
[EventDate "2017.06.06"]
[EventType "swiss"]
[EventRounds "8"]
[EventCountry "CAN"]
[SourceTitle "EXT 2022"]
[Source "ChessBase"]
[SourceDate "2021.10.06"]
[SourceVersion "1"]
[SourceVersionDate "2021.10.06"]
[SourceQuality "1"]

1. d4 Nf6 2. c4 e6 3. Nf3 Bb4+ 4. Bd2 Bxd2+ 5. Nbxd2 O-O 6. e3 b6 7. Bd3 Bb7 8. Qc2 c5 9. dxc5 bxc5 10. O-O Nc6 11. a3 Rb8 12. Rab1 Ba8 13. e4 Qc7 14. Rfe1 e5 15. Nf1 Nd4 16. Nxd4 cxd4 17. b4 Rfc8 18. Rec1 a5 19. b5 Qc5 20. a4 Nh5 21. f3 Nf4 22. g3 Nh3+ 23. Kg2 Ng5 24. Qd2 Qe7 25. Qxa5 f5 26. Nd2 Qa3 27. Bc2 d3 28. Bb3 Qc5 29. Re1 fxe4 30. fxe4 Rf8 31. Qc3 Rb6 32. Qxd3 Rf2+ 33. Kh1 Rxh2+ 0-1

[Event "Winnipeg op"]
[Site "Winnipeg CAN"]
[Date "2017.07.04"]
[Round "5"]
[White "Goodman, Clifford"]
[Black "Furda, Evheniya Diana"]
[Result "0-1"]
[WhiteElo "1667"]
[BlackElo "1579"]
[WhiteFideId "-1"]
[WhiteFideId "-1"]
[PlyCount "26"]
[GameId "2160767908411283"]
[EventDate "2017.06.06"]
[EventType "swiss"]
[EventRounds "8"]
[EventCountry "CAN"]
[SourceTitle "EXT 2022"]
[Source "ChessBase"]
[SourceDate "2021.10.06"]
[SourceVersion "1"]
[SourceVersionDate "2021.10.06"]
[SourceQuality "1"]

1. g3 Nf6 2. Bg2 g6 3. f4 Bg7 4. Nf3 O-O 5. e3 d6 6. Qe2 Nbd7 7. O-O Re8 8. h3 e5 9. fxe5 Nxe5 10. Nxe5 dxe5 11. Qe1 Bf5 12. c4 Qd6 13. Nc3 Rad8 0-1

[Event "Winnipeg op"]
[Site "Winnipeg CAN"]
[Date "2017.07.04"]
[Round "5"]
[White "Hemphill, Jim"]
[Black "Czypinski, Jaroslaw"]
[Result "0-1"]
[WhiteElo "1762"]
[BlackElo "1959"]
[WhiteFideId "-1"]
[WhiteFideId "-1"]
[PlyCount "98"]
[GameId "2160767908411284"]
[EventDate "2017.06.06"]
[EventType "swiss"]
[EventRounds "8"]
[EventCountry "CAN"]
[SourceTitle "EXT 2022"]
[Source "ChessBase"]
[SourceDate "2021.10.06"]
[SourceVersion "1"]
[SourceVersionDate "2021.10.06"]
[SourceQuality "1"]

1. d4 d5 2. Bf4 Bf5 3. e3 e6 4. Nf3 Nf6 5. Be2 Bd6 6. Bg3 Nbd7 7. Nbd2 O-O 8. Ne5 Ne4 9. f4 c5 10. c3 cxd4 11. exd4 Ndf6 12. Bh4 Nxd2 13. Qxd2 Be7 14. Bxf6 Bxf6 15. O-O Rc8 16. Bd3 Bxd3 17. Qxd3 g6 18. Qb5 Rc7 19. Nd3 Be7 20. Qa5 a6 21. Qa4 Rc4 22. Qd1 Bd6 23. g3 b5 24. a3 a5 25. Rf2 Qb6 26. Rb1 Rfc8 27. Kg2 Qd8 28. Ne5 R4c7 29. Nd3 Kg7 30. Kf3 Qe7 31. Qg1 b4 32. axb4 axb4 33. cxb4 Bxb4 34. Qd1 Bd6 35. Kg2 h5 36. Rc1 Rxc1 37. Nxc1 h4 38. Rc2 Rb8 39. Nd3 hxg3 40. hxg3 Qa7 41. Ne5 Qa4 42. Qd3 Rb3 43. Qd2 Rb6 44. Kh3 Qa1 45. Kg2 Rb8 46. Nd3 Qa4 47. Ne1 Bb4 48. Qf2 Bd6 49. Nd3 Qb3 0-1

[Event "Winnipeg op"]
[Site "Winnipeg CAN"]
[Date "2017.07.04"]
[Round "5"]
[White "Letain, Cory"]
[Black "Gannon, Keith"]
[Result "1-0"]
[WhiteElo "1632"]
[BlackElo "1616"]
[WhiteFideId "-1"]
[WhiteFideId "-1"]
[PlyCount "97"]
[GameId "2160767908411285"]
[EventDate "2017.06.06"]
[EventType "swiss"]
[EventRounds "8"]
[EventCountry "CAN"]
[SourceTitle "EXT 2022"]
[Source "ChessBase"]
[SourceDate "2021.10.06"]
[SourceVersion "1"]
[SourceVersionDate "2021.10.06"]
[SourceQuality "1"]

1. e4 e5 2. Nf3 d6 3. Bc4 Be7 4. h3 Nc6 5. Nc3 Nf6 6. d4 exd4 7. Nxd4 Nxd4 8. Qxd4 c6 9. Be3 O-O 10. O-O-O b5 11. Be2 a5 12. Bf3 Qc7 13. Bf4 Rd8 14. Rhe1 Bb7 15. Qe3 a4 16. e5 dxe5 17. Bxe5 Rxd1+ 18. Rxd1 Qc8 19. g4 b4 20. Ne4 Nxe4 21. Bxe4 h6 22. Kb1 c5 23. Bf5 Qf8 24. Bg3 Rd8 25. Re1 Bg5 26. f4 Bf6 27. g5 hxg5 28. fxg5 Bd4 29. Qf4 g6 30. Bg4 Qg7 31. Qc7 Rf8 32. Qxb7 Bxb2 33. Qc7 Qc3 34. Qe5 Qxe5 35. Bxe5 Bxe5 36. Rxe5 b3 37. Rxc5 bxa2+ 38. Kxa2 f6 39. gxf6 Rxf6 40. Rc8+ Kg7 41. Ra8 Rc6 42. Kb2 Rb6+ 43. Kc1 Rb4 44. Bd7 Rh4 45. Rxa4 Rxa4 46. Bxa4 g5 47. Bd7 Kh6 48. c4 Kh5 49. c5 1-0

[Event "Winnipeg op"]
[Site "Winnipeg CAN"]
[Date "2017.07.04"]
[Round "5"]
[White "Magyar, Peter"]
[Black "Lei, Yanyu"]
[Result "1-0"]
[WhiteElo "1559"]
[BlackElo "1261"]
[WhiteFideId "-1"]
[WhiteFideId "-1"]
[PlyCount "115"]
[GameId "2160767908411286"]
[EventDate "2017.06.06"]
[EventType "swiss"]
[EventRounds "8"]
[EventCountry "CAN"]
[SourceTitle "EXT 2022"]
[Source "ChessBase"]
[SourceDate "2021.10.06"]
[SourceVersion "1"]
[SourceVersionDate "2021.10.06"]
[SourceQuality "1"]

1. d4 Nf6 2. Bf4 g6 3. Nf3 Bg7 4. e3 O-O 5. Be2 d5 6. h3 Nc6 7. c3 Re8 8. O-O Bf5 9. Nbd2 Qd7 10. Nh4 Be4 11. Nhf3 Rad8 12. Nb3 b6 13. Bb5 e6 14. Ne5 Qc8 15. Nxc6 Qd7 16. Nxa7 Qe7 17. Bxe8 Nxe8 18. Nc6 Qd7 19. Nxd8 Qxd8 20. Nd2 Nd6 21. Bxd6 Qxd6 22. Nxe4 dxe4 23. Qg4 Qd5 24. f3 f5 25. Qg3 c6 26. fxe4 Qxe4 27. Qf3 Qd3 28. Rae1 c5 29. e4 Qb5 30. b3 cxd4 31. exf5 exf5 32. Qa8+ Kf7 33. c4 Qc5 34. Qe8+ Kf6 35. Qe6+ Kg5 36. Qe7+ Qxe7 37. Rxe7 Bh6 38. Rd1 Kf6 39. Rd7 Be3+ 40. Kf1 Ke5 41. Ke2 h5 42. Kf3 g5 43. g4 h4 44. Rd5+ Kf6 45. Rxf5+ Kg6 46. c5 bxc5 47. Rxc5 Kf6 48. Ke4 Ke6 49. b4 Kd6 50. a4 Ke6 51. a5 Kd6 52. a6 Ke6 53. a7 Bf4 54. a8=Q Bd6 55. Qe8+ Be7 56. Rc7 Kf6 57. Qxe7+ Kg6 58. Qg7# 1-0

[Event "Winnipeg op"]
[Site "Winnipeg CAN"]
[Date "2017.07.04"]
[Round "5"]
[White "Mandusic, Ante"]
[Black "Piche, Zachary"]
[Result "0-1"]
[WhiteElo "1200"]
[BlackElo "1456"]
[WhiteFideId "-1"]
[WhiteFideId "-1"]
[PlyCount "64"]
[GameId "2160767908411287"]
[EventDate "2017.06.06"]
[EventType "swiss"]
[EventRounds "8"]
[EventCountry "CAN"]
[SourceTitle "EXT 2022"]
[Source "ChessBase"]
[SourceDate "2021.10.06"]
[SourceVersion "1"]
[SourceVersionDate "2021.10.06"]
[SourceQuality "1"]

1. e4 c5 2. Nc3 d6 3. d3 Nf6 4. Nf3 a6 5. Be2 g6 6. Bf4 Bg7 7. O-O O-O 8. d4 cxd4 9. Nxd4 e5 10. Bxe5 dxe5 11. Nf3 Nc6 12. Qc1 Be6 13. Rd1 Qb6 14. a3 Ng4 15. Rf1 Rfd8 16. h3 Nf6 17. b4 Rac8 18. b5 axb5 19. Bxb5 Nd4 20. Nxe5 Rxc3 21. Bd3 Nxe4 22. Rb1 Qc5 23. Ng4 Rxd3 24. Qf4 Ne2+ 25. Kh1 Nxf4 26. Nh2 Qe5 27. f3 Ng3+ 28. Kg1 Nxf1 29. Rxf1 Nxh3+ 30. Kh1 Qd4 31. cxd3 Qg1+ 32. Rxg1 Nf2# 0-1